| 000 | 00453nam a2200169Ia 4500 | ||
|---|---|---|---|
| 008 | 230718s9999 xx 000 0 und d | ||
| 041 | _aeng | ||
| 082 |
_a005.2672 _bING |
||
| 100 |
_aIngalls K. _9166931 |
||
| 245 | _aWeb Technology Reference | ||
| 260 |
_c1998 _bMicrosoft |
||
| 300 |
_a404 _dRef 754 C (10689) |
||
| 365 |
_cRs. _b3128.50 |
||
| 500 | _a754 C | ||
| 700 |
_aIngalls K. & Jinguji D. _9186653 |
||
| 906 |
_dB:627209-Oct-1999 _cCOMP _b469.2 |
||
| 999 |
_c299483 _d299483 |
||